Statistiques concernant Beyblade - Equipe Championnat du Monde

Cliquez ici pour prendre le quiz!

Statistiques générales

  • Ce quiz a été pris 72 fois
  • Le résultat moyen est 5 sur 9

Statistiques - réponses

PaysRéponse% Correct
JaponGan Gan Galaxy
97%
EuropeExcalibur
73%
BrésilGarcia
66%
USAStar Breaker
66%
AfriqueWild Fang
59%
IndeChandora
36%
ArabieDesert Blaze
36%
RussieLovushka
34%
ChinaWang Hu Zong
32%

Distribution des résultats

Percentile par nombre de réponses

% des personnes avec chaque résultat

Votre développement - résultats

Vous n’avez pas pris ce quiz